Crónica 1987 / Asociación de Censores Letrados y Contables y Servicio de Estudios del Tribunal de Cuentas
Descripción Física:
XVI, 617 p. ; 24 cm
Otros Autores:
Espanya. Tribunal de Cuentas
MARC
| LEADER | 00000nam a2200000Ia 4500 | ||
|---|---|---|---|
| 001 | 11102 | ||
| 008 | 160829s9999 xx 000 0 cat d | ||
| 080 | |a D-1-33 | ||
| 100 | |a Espanya. Tribunal de Cuentas. Asociación de Censores y Letrados Contables |9 30863 | ||
| 245 | |a Crónica 1987 / Asociación de Censores Letrados y Contables y Servicio de Estudios del Tribunal de Cuentas | ||
| 260 | |a Madrid : |b Tribunal de Cuentas, DL 1988 | ||
| 300 | |a XVI, 617 p. ; |c 24 cm | ||
| 650 | |a Comptabilitat fiscal |x Espanya |9 30864 | ||
| 650 | 0 | |a Finances públiques |z Espanya |9 18741 | |
| 700 | |a Espanya. Tribunal de Cuentas | ||
| 901 | |a Arxiu | ||
| 942 | |n 1 | ||
| 952 | |0 0 |1 0 |4 0 |6 D133 |7 1 |9 45550 |a Arxiu |b Arxiu |d 2016-12-01 |l 0 |o D-1-33 |p 11102 |r 2016-12-01 00:00:00 |w 2016-12-01 |y ARXIU | ||
| 999 | |c 48718 |d 48718 | ||